| 000 | 00411pab a2200157 454500 | ||
|---|---|---|---|
| 008 | 180718b2011 xxu||||| |||| 00| 0 eng d | ||
| 100 | _aCohen, Elizabeth F. | ||
| 245 | _aReconsidering US immigration reform: The temporal principle of citizenship | ||
| 260 | _c2011 | ||
| 300 | _ap.575-583. | ||
| 362 | _aSep | ||
| 650 | _aImmigration | ||
| 773 | _aPerspectives on Politics | ||
| 908 | _aN | ||
| 909 | _a93858 | ||
| 999 |
_c93858 _d93858 |
||